Loading...
| History - World | 0 | 6 | 1 | 3 | 55 | 75 | 120.00 | 1 | 3 | 0.00 | 0.00 |
| Literature - Poetry | 1 | 4 | 1 | 1 | 50 | 68 | 99.80 | 2 | 5 | 0.00 | 0.00 |
| Fine Arts - Painting and Sculpture | 1 | 3 | 0 | 0 | 45 | 67 | 97.25 | 1 | 4 | 0.00 | 0.00 |
| History - Other | 2 | 1 | 0 | 0 | 40 | 52 | 63.67 | 0 | 1 | 0.00 | 0.00 |
| Religion | 0 | 4 | 0 | 1 | 40 | 117 | 128.50 | 0 | 1 | 2.80 | 6.67 |
| Geography | 0 | 4 | 0 | 1 | 40 | 95 | 125.75 | 0 | 4 | 5.85 | 10.00 |
| Science - Physics | 1 | 2 | 0 | 1 | 35 | 53 | 100.67 | 2 | 3 | 0.00 | 0.00 |
| Fine Arts - Other | 0 | 4 | 1 | 0 | 35 | 93 | 107.00 | 0 | 1 | 9.61 | 25.00 |
| Literature - Drama | 1 | 2 | 0 | 1 | 35 | 85 | 113.67 | 0 | 1 | 0.00 | 0.00 |
| Science - Other | 0 | 3 | 0 | 2 | 30 | 95 | 117.67 | 0 | 2 | 0.05 | 2.22 |
| Mythology | 2 | 0 | 0 | 0 | 30 | 26 | 42.50 | 1 | 1 | 3.87 | 20.00 |
| Philosophy | 1 | 2 | 1 | 0 | 30 | 56 | 78.00 | 2 | 2 | 8.62 | 16.67 |
| Fine Arts - Classical Music | 1 | 1 | 0 | 0 | 25 | 22 | 56.00 | 1 | 1 | 0.00 | 0.00 |
| Literature - Long Fiction | 0 | 3 | 1 | 1 | 25 | 103 | 126.00 | 0 | 2 | 0.00 | 0.00 |
| History - American | 0 | 2 | 0 | 2 | 20 | 131 | 135.50 | 0 | 0 | 0.00 | 0.00 |
| Short Fiction and Other | 1 | 1 | 1 | 0 | 20 | 57 | 78.00 | 1 | 1 | 0.00 | 0.00 |
| History - European | 0 | 2 | 1 | 0 | 15 | 77 | 92.50 | 0 | 2 | 0.00 | 0.00 |
| Science - Chemistry | 0 | 1 | 0 | 0 | 10 | 74 | 74.00 | 0 | 1 | 4.11 | 3.33 |
| Science - Biology | 0 | 1 | 0 | 1 | 10 | 140 | 140.00 | 0 | 0 | 0.00 | 0.00 |
| Current Events | 0 | 1 | 1 | 0 | 5 | 137 | 137.00 | 0 | 1 | 0.45 | 6.67 |
| Other Academic | 0 | 2 | 4 | 0 | 0 | 96 | 100.00 | 1 | 1 | 38.31 | 46.67 |
| Social Science | 0 | 1 | 2 | 1 | 0 | 132 | 132.00 | 0 | 0 | 3.97 | 6.67 |